[Event "FIDE World Cup"]
[Site "Khanty-Mansiysk"]
[Date "2019.09.17"]
[Round "3.2"]
[White "Vachier Lagrave, Maxime"]
[Black "Jakovenko, Dmitrij"]
[Result "1/2-1/2"]
[WhiteElo "2774"]
[BlackElo "2681"]
[PlyCount "104"]
[EventDate "2019.09.10"]
[EventType "k.o."]
[EventRounds "7"]
[EventCountry "RUS"]
[SourceTitle "CBM 192"]
[Source "ChessBase"]
[SourceDate "2019.10.31"]
[SourceVersion "1"]
[SourceVersionDate "2019.10.31"]
[SourceQuality "1"]

1. e4 e5 2. Nf3 Nc6 3. Bb5 Nf6 4. 0-0 Nxe4 5. d4 Nd6 6. Bxc6 dxc6 7. dxe5 Nf5 8. Qxd8+ Kxd8 9. h3 Ne7 10. Nc3 Bd7 11. b3 Ng6 12. Bb2 Kc8 13. Rae1 h6 14. Nd2 Nf4 15. Ne2 Bb4 16. c3 Nxe2+ 17. Rxe2 Be7 18. c4 h5 19. e6 Bxe6 20. Bxg7 Rg8 21. Bc3 Bd6 22. Kh1 b5 23. cxb5 Bd5 24. Ne4 cxb5 25. Nxd6+ cxd6 26. f3 Kd7 27. Rd1 Be6 28. Re5 Rac8 29. Bb4 d5 30. Rxh5 Rc2 31. Rd2 Rxd2 32. Bxd2 Rc8 33. Be3 a5 34. f4 Rc3 35. Bb6 Rc1+ 36. Kh2 Rf1 37. Kg3 a4 38. Bf2 Kd6 39. Rh6 Kd7 40. Rh5 Kd6 41. f5 Bd7 42. Rh7 Bxf5 43. Rxf7 Ke6 44. Rb7 Ra1 45. bxa4 bxa4 46. Rb2 Bd3 47. Bd4 Rd1 48. Kf4 Bf1 49. Bc5 d4 50. a3 d3 51. Bb4 Rc1 52. Rf2 Be2 1/2-1/2

[Event "FIDE World Cup"]
[Site "Khanty-Mansiysk"]
[Date "2019.09.15"]
[Round "2.3"]
[White "Jakovenko, Dmitrij"]
[Black "Jones, Gawain C B"]
[Result "1-0"]
[WhiteElo "2681"]
[BlackElo "2688"]
[PlyCount "147"]
[EventDate "2019.09.10"]
[EventType "k.o."]
[EventRounds "7"]
[EventCountry "RUS"]
[SourceTitle "CBM 192"]
[Source "ChessBase"]
[SourceDate "2019.10.31"]
[SourceVersion "1"]
[SourceVersionDate "2019.10.31"]
[SourceQuality "1"]

1. e4 e5 2. Nf3 Nc6 3. Bb5 a6 4. Ba4 Nf6 5. 0-0 Bc5 6. c3 b5 7. Bb3 d6 8. d4 Bb6 9. a4 Rb8 10. a5 Ba7 11. h3 0-0 12. Be3 exd4 13. cxd4 Nb4 14. Nc3 Bb7 15. Re1 c5 16. Bg5 h6 17. Bh4 c4 18. Bc2 g5 19. Nxg5 hxg5 20. Bxg5 Nxc2 21. Qxc2 b4 22. Nd5 Bxd5 23. exd5 Bxd4 24. Qxc4 Bxb2 25. Rab1 Bc3 26. Qh4 Re8 27. Rxe8+ Qxe8 28. Bxf6 Bxf6 29. Qxf6 Qe5 30. Qxe5 dxe5 31. h4 Kf8 32. h5 Rd8 33. Rxb4 Rxd5 34. Rg4 e4 35. h6 Rh5 36. Rxe4 Rxh6 37. Re5 Rh4 38. f3 Ra4 39. Kh2 Kg7 40. Rc5 f6 41. g4 Kg6 42. Kg3 Ra3 43. Rf5 Ra4 44. Kf2 Ra3 45. Ke2 Rb3 46. Rc5 Ra3 47. Rd5 Kf7 48. Rc5 Kg6 49. Kf2 Kf7 50. Kg3 Ra4 51. g5 fxg5 52. Rxg5 Kf6 53. Rc5 Ke7 54. f4 Ra1 55. Kg4 Rg1+ 56. Kf5 Ra1 57. Kg6 Rg1+ 58. Rg5 Rf1 59. Re5+ Kd6 60. Rf5 Rg1+ 61. Rg5 Rf1 62. f5 Ke7 63. Rg2 Rf3 64. Re2+ Kf8 65. Re6 Rg3+ 66. Kf6 Rh3 67. Ke5 Re3+ 68. Kf4 Ra3 69. Rxa6 Kf7 70. Ra8 Kf6 71. a6 Ra4+ 72. Ke3 Ra3+ 73. Kd4 Kg7 74. a7 1-0

[Event "FIDE World Cup"]
[Site "Khanty-Mansiysk"]
[Date "2019.09.14"]
[Round "2.2"]
[White "Jakovenko, Dmitrij"]
[Black "Jones, Gawain C B"]
[Result "1/2-1/2"]
[WhiteElo "2681"]
[BlackElo "2688"]
[PlyCount "61"]
[EventDate "2019.09.10"]
[EventType "k.o."]
[EventRounds "7"]
[EventCountry "RUS"]
[SourceTitle "CBM 192"]
[Source "ChessBase"]
[SourceDate "2019.10.31"]
[SourceVersion "1"]
[SourceVersionDate "2019.10.31"]
[SourceQuality "1"]

1. e4 e5 2. Nf3 Nc6 3. Bb5 a6 4. Ba4 Nf6 5. 0-0 Bc5 6. c3 b5 7. Bb3 d6 8. a4 b4 9. d4 Ba7 10. Be3 0-0 11. Nbd2 bxc3 12. bxc3 Bg4 13. Qc2 exd4 14. Nxd4 Bd7 15. h3 Ne5 16. Rfe1 Re8 17. N4f3 a5 18. Nxe5 dxe5 19. Bxa7 Rxa7 20. Bc4 Qe7 21. Rab1 Raa8 22. Bb5 Red8 23. Bxd7 Nxd7 24. Nc4 Qe6 25. Ne3 c6 26. Red1 Nc5 27. Rxd8+ Rxd8 28. Rd1 Rxd1+ 29. Qxd1 Qd7 30. Qxd7 Nxd7 31. Nc4 1/2-1/2

[Event "RUS-ch 72nd"]
[Site "Izhevsk"]
[Date "2019.08.15"]
[Round "5"]
[White "Jakovenko, Dmitrij"]
[Black "Inarkiev, Ernesto"]
[Result "0-1"]
[WhiteElo "2704"]
[BlackElo "2682"]
[PlyCount "104"]
[EventDate "2019.08.10"]
[EventType "tourn"]
[EventRounds "11"]
[EventCountry "RUS"]
[EventCategory "18"]
[SourceTitle "CBM 192"]
[Source "ChessBase"]
[SourceDate "2019.10.31"]
[SourceVersion "1"]
[SourceVersionDate "2019.10.31"]
[SourceQuality "1"]

1. e4 c6 2. d4 d5 3. e5 Bf5 4. Nf3 e6 5. Be2 c5 6. Be3 Qb6 7. Nc3 Nc6 8. 0-0 Qxb2 9. Qe1 cxd4 10. Bxd4 Nxd4 11. Nxd4 Bb4 12. Ndb5 Ba5 13. Rb1 Qxc2 14. Rb3 Ne7 15. Nd6+ Kf8 16. Nxb7 Bb6 17. Nd6 Ba5 18. Nb7 Bb6 19. Nd6 Ba5 20. Bd1 Qd3 21. Bf3 Qd4 22. Ncb5 Qd2 23. Qxd2 Bxd2 24. Nd4 Bg6 25. Rb7 h5 26. Rd1 Bf4 27. Re1 Nc8 28. N6b5 Bd2 29. Rd1 Ba5 30. Nc6 Bb6 31. a4 a6 32. Nc7 Bxc7 33. Rxc7 Nb6 34. Rd4 Kg8 35. Rh4 Kh7 36. Bxh5 Bxh5 37. g4 Kg8 38. gxh5 Nc4 39. Kf1 g5 40. Rh3 Rh6 41. Ke2 Kg7 42. Kf3 Rhh8 43. Kg4 Rhc8 44. h6+ Kh8 45. Rxc8+ Rxc8 46. Nd4 Nxe5+ 47. Kxg5 Rc4 48. f4 Nd7 49. Ne2 Re4 50. Nc3 Re1 51. a5 d4 52. Na4 Ra1 0-1

[Event "RUS-ch 72nd"]
[Site "Izhevsk"]
[Date "2019.08.13"]
[Round "3"]
[White "Jakovenko, Dmitrij"]
[Black "Motylev, Alexander"]
[Result "1/2-1/2"]
[WhiteElo "2704"]
[BlackElo "2668"]
[PlyCount "53"]
[EventDate "2019.08.10"]
[EventType "tourn"]
[EventRounds "11"]
[EventCountry "RUS"]
[EventCategory "18"]
[SourceTitle "CBM 192"]
[Source "ChessBase"]
[SourceDate "2019.10.31"]
[SourceVersion "1"]
[SourceVersionDate "2019.10.31"]
[SourceQuality "1"]

1. c4 e5 2. Nc3 Nf6 3. Nf3 Nc6 4. e3 Bb4 5. Qc2 Bxc3 6. Qxc3 Qe7 7. d4 Ne4 8. Qd3 exd4 9. Nxd4 Nc5 10. Qd1 Nxd4 11. Qxd4 0-0 12. Be2 b6 13. 0-0 Bb7 14. Bd2 Ne6 15. Qc3 Nf4 16. exf4 Qxe2 17. Rae1 Qg4 18. f3 Qf5 19. Re5 Qf6 20. Qd3 Rae8 21. Bc3 Qxf4 22. Rxe8 Rxe8 23. Qxd7 Qe3+ 24. Kh1 Qe2 25. Kg1 Qe3+ 26. Kh1 Qe2 27. Kg1 1/2-1/2

[Event "CHN-chT"]
[Site "China"]
[Date "2019.07.26"]
[Round "10.1"]
[White "Liu, Qingnan"]
[Black "Jakovenko, Dmitrij"]
[Result "1/2-1/2"]
[WhiteElo "2543"]
[BlackElo "2719"]
[PlyCount "82"]
[EventDate "2019.04.09"]
[EventType "team-tourn"]
[EventRounds "22"]
[EventCountry "CHN"]
[SourceTitle "EXT 2020"]
[Source "ChessBase"]
[SourceDate "2019.10.17"]
[SourceVersion "1"]
[SourceVersionDate "2019.10.17"]
[SourceQuality "1"]
[WhiteTeam "Shandong Jingzhi"]
[BlackTeam "Hangzhou Bank"]
[WhiteTeamCountry "CHN"]
[BlackTeamCountry "CHN"]

1. Nf3 Nf6 2. g3 d5 3. Bg2 c6 4. 0-0 Bf5 5. b3 e6 6. c4 Nbd7 7. Bb2 h6 8. d3 Be7 9. Re1 0-0 10. Nc3 Bh7 11. d4 Ne4 12. Nd2 Nxd2 13. Qxd2 dxc4 14. e4 cxb3 15. axb3 Bb4 16. Qf4 Qe7 17. Red1 Rfd8 18. Qc7 Nb6 19. Qxe7 Bxe7 20. d5 cxd5 21. exd5 Bc2 22. Rdc1 Bxb3 23. dxe6 Bxe6 24. Nb5 Nc4 25. Bd4 Rd7 26. Bxa7 Rad8 27. h4 Bf6 28. Ra4 Nb2 29. Re4 Bf5 30. Bb6 Rf8 31. Re3 Bd3 32. Nc7 Na4 33. Nd5 Bb2 34. Rc7 Bf5 35. Rb3 Be5 36. Ne7+ Kh8 37. Rxb7 Rxb7 38. Bxb7 Be6 39. Bd5 Bxd5 40. Nxd5 Rb8 41. Rb4 Nxb6 1/2-1/2